[Event "World Junior Open 2015"]
[Site "Khanty-Mansiysk RUS"]
[Date "2015.09.04"]
[Round "3.28"]
[White "Chumak, Dmitrii"]
[Black "Ererdem, Gani Eren"]
[Result "0-1"]
[WhiteElo "1808"]
[BlackElo "2213"]
[WhiteFideId "34106658"]
[BlackFideId "6310915"]
[EventDate "2015.09.02"]

1. e4 g6 2. d4 Bg7 3. Nc3 d6 4. h3 a6 5. a4 Nd7 6. Nf3 b6 7. Bc4 e6 8. Bg5 Ne7
9. Qd2 h6 10. Bh4 Bb7 11. O-O g5 12. Bg3 Ng6 13. Rad1 Qe7 14. Rfe1 O-O 15. Qd3
Rfe8 16. b4 Qf8 17. a5 b5 18. Bxb5 axb5 19. Qxb5 Bc8 20. Qc6 Ra7 21. Nb5 Nb8 22.
Qc3 Ra6 23. Qxc7 Rc6 24. Bxd6 Rxc7 25. Bxf8 Rxc2 26. Bxg7 Kxg7 27. Rc1 Rxc1 28.
Rxc1 Rd8 29. e5 Nf4 30. Rc2 Bd7 31. Nd6 Nc6 32. b5 Nxa5 33. Ra2 Nb3 34. b6 Bc6
35. b7 Rb8 36. Rc2 Bxb7 37. Rc7 Bxf3 38. Rxf7+ Kg8 39. gxf3 Nxd4 0-1

[Event "World Junior Open 2015"]
[Site "Khanty-Mansiysk RUS"]
[Date "2015.09.04"]
[Round "3.29"]
[White "Dutreuil, Raphael"]
[Black "O'Mahoney, Keegan"]
[Result "1-0"]
[WhiteElo "2166"]
[BlackElo "1788"]
[WhiteFideId "20630999"]
[BlackFideId "2506190"]
[EventDate "2015.09.02"]

1. d4 Nf6 2. c4 g6 3. f3 Nc6 4. d5 Ne5 5. e4 d6 6. Nc3 Bg7 7. f4 Ned7 8. Nh3 Nc5
9. Nf2 a5 10. Be3 Nfd7 11. Bd4 e5 12. dxe6 Nxe6 13. Bxg7 Nxg7 14. Be2 O-O 15.
O-O b6 16. Bf3 Bb7 17. Nd5 Ne6 18. Qd2 Nec5 19. Qc3 Ne6 20. Ng4 f6 21. e5 dxe5
22. fxe5 fxe5 23. Nxe5 Nec5 24. Rad1 c6 25. Ng4 h5 26. Ndf6+ Rxf6 27. Nxf6+ Qxf6
28. Bd5+ cxd5 29. Rxf6 Nxf6 30. Qxf6 Kh7 31. Re1 dxc4 32. Re7+ Kh6 33. Qf4+ 1-0

[Event "World Junior Open 2015"]
[Site "Khanty-Mansiysk RUS"]
[Date "2015.09.04"]
[Round "3.30"]
[White "Dias, Matheus Nunes"]
[Black "Isaev, Chyngyz"]
[Result "0-1"]
[WhiteElo "1699"]
[BlackElo "2163"]
[WhiteFideId "2136570"]
[BlackFideId "13801660"]
[EventDate "2015.09.02"]

1. d4 d5 2. c4 e6 3. Nc3 Be7 4. Nf3 Nf6 5. Bg5 O-O 6. e3 h6 7. Bh4 Ne4 8. Bxe7
Qxe7 9. Rc1 c6 10. Qc2 Nd7 11. Bd3 Nxc3 12. Qxc3 dxc4 13. Qxc4 e5 14. dxe5 Nxe5
15. Nxe5 Qxe5 16. Qe4 Qxe4 17. Bxe4 Re8 18. Bd3 Be6 19. Bc4 Bf5 20. Ke2 Kf8 21.
Rhd1 Ke7 22. Rd4 Red8 23. Rcd1 Rxd4 24. Rxd4 a5 25. a4 f6 26. e4 Bd7 27. f4 c5
28. Rd5 Be6 29. Rxc5 Kd6 30. Bxe6 Kxc5 31. Ke3 b6 32. g4 g5 33. b3 Rd8 34. Bd5
Rc8 35. f5 Rh8 36. Bf7 Rh7 37. Bg8 Rg7 38. Bd5 h5 39. h3 hxg4 40. hxg4 Rh7 41.
Kf3 Rh3+ 42. Kg2 Re3 43. Kf2 Kd4 44. e5 Rxe5 45. Be6 Ke4 46. Kg3 Rc5 47. Bc4
Rxc4 48. bxc4 Kd4 49. Kf3 Kd3 50. Kf2 Kxc4 51. Ke3 b5 52. axb5 Kxb5 53. Kd4 Kc6 0-1

[Event "World Junior Open 2015"]
[Site "Khanty-Mansiysk RUS"]
[Date "2015.09.04"]
[Round "3.31"]
[White "Fontaine, Quentin"]
[Black "Sabirov, Timur"]
[Result "1-0"]
[WhiteElo "2122"]
[BlackElo "1665"]
[WhiteFideId "230804"]
[BlackFideId "44107323"]
[EventDate "2015.09.02"]

1. Nc3 d5 2. e4 dxe4 3. Nxe4 Bf5 4. Ng3 Bd7 5. Nf3 Nc6 6. d4 e6 7. Bc4 Nf6 8.
O-O Be7 9. Re1 Nb4 10. a3 Nbd5 11. Bd3 c5 12. c4 Nb6 13. dxc5 Bxc5 14. b4 Be7
15. Qe2 Rc8 16. Bf4 h5 17. Ne5 h4 18. Ne4 Nh5 19. Be3 Qc7 20. Bd4 Rh6 21. Qf3 f5
22. Nc5 Qd6 23. Nb3 Ba4 24. c5 Qd8 25. cxb6 Bxb3 26. Bb5+ Kf8 27. Nd7+ Kf7 28.
Qxb3 a6 29. Ba4 Nf4 30. Be3 Bd6 31. Bxf4 Bxf4 32. Qf3 g5 33. Qxb7 Kg8 34. Bb3
Qe8 35. Rxe6 Rxe6 36. Nf6+ 1-0

[Event "World Junior Open 2015"]
[Site "Khanty-Mansiysk RUS"]
[Date "2015.09.05"]
[Round "4.1"]
[White "Van Foreest, Jorden"]
[Black "Grigoryan, Karen H."]
[Result "1/2-1/2"]
[WhiteTitle "IM"]
[BlackTitle "GM"]
[WhiteElo "2541"]
[BlackElo "2609"]
[WhiteFideId "1039784"]
[BlackFideId "13301004"]
[EventDate "2015.09.02"]

1. e4 e5 2. Nf3 Nc6 3. Bb5 a6 4. Ba4 Nf6 5. O-O Be7 6. d3 b5 7. Bb3 O-O 8. Nc3
d6 9. a3 Be6 10. Bg5 h6 11. Bxf6 Bxf6 12. Nd5 Na5 13. Ba2 c6 14. Ne3 d5 15. Qe2
Re8 16. Rfd1 Qd6 17. b4 Nb7 18. c4 d4 19. c5 Qd7 20. Nf1 a5 21. Bxe6 Qxe6 22.
Qb2 Ra7 23. N1d2 Rea8 24. Nb3 axb4 25. axb4 Ra4 26. Rdb1 R8a6 27. g3 g5 28. Ne1
g4 29. Rxa4 Rxa4 30. Nc2 Bg5 31. Ra1 f5 32. exf5 Qxf5 33. Ne1 Rxb4 34. Ra8+ Kg7
35. Qa3 Ra4 36. Rxa4 bxa4 37. Qxa4 Qf7 38. Qb4 h5 39. Nc2 Kg6 40. Na3 Qf3 41.
Nc4 Qd1+ 42. Kg2 Qf3+ 1/2-1/2

[Event "World Junior Open 2015"]
[Site "Khanty-Mansiysk RUS"]
[Date "2015.09.05"]
[Round "4.2"]
[White "Antipov, Mikhail Al."]
[Black "Bluebaum, Matthias"]
[Result "1-0"]
[WhiteTitle "GM"]
[BlackTitle "GM"]
[WhiteElo "2538"]
[BlackElo "2580"]
[WhiteFideId "4107012"]
[BlackFideId "24651516"]
[EventDate "2015.09.02"]

1. e4 e6 2. d3 d5 3. Nd2 Nf6 4. g3 dxe4 5. dxe4 b6 6. Bb5+ c6 7. Be2 e5 8. Ngf3
Bc5 9. c3 Qe7 10. b4 Bd6 11. O-O O-O 12. Qc2 Bc7 13. Nc4 b5 14. Ne3 a5 15. bxa5
Rxa5 16. a4 Rd8 17. Ba3 Qe8 18. axb5 cxb5 19. c4 bxc4 20. Bxc4 h6 21. Bd5 Na6
22. Bc6 Bd7 23. Nf5 Kh7 24. Be7 Nb4 25. Bxb4 Rxa1 26. Rxa1 Bxc6 27. Be7 Bxe4 28.
Qxc7 Rd7 29. Qxe5 Rxe7 30. Nxe7 Bxf3 31. Qf5+ Kh8 32. Ng6+ fxg6 33. Qxf3 Kh7 34.
Ra7 Qe1+ 35. Kg2 Qe5 36. Qd3 Qc5 37. Rf7 Qe5 38. Qc4 Qd6 39. h3 Nd7 40. Qe4 Ne5
41. Ra7 Qf6 42. h4 Qd6 43. h5 Qf6 44. Rc7 1-0

[Event "World Junior Open 2015"]
[Site "Khanty-Mansiysk RUS"]
[Date "2015.09.05"]
[Round "4.3"]
[White "Yuffa, Daniil"]
[Black "Rambaldi, Francesco"]
[Result "1/2-1/2"]
[WhiteTitle "IM"]
[BlackTitle "IM"]
[WhiteElo "2476"]
[BlackElo "2540"]
[WhiteFideId "24131423"]
[BlackFideId "20657307"]
[EventDate "2015.09.02"]

1. c4 e5 2. Nc3 Nf6 3. Nf3 Nc6 4. g3 d5 5. cxd5 Nxd5 6. Bg2 Nb6 7. O-O Be7 8. d3
O-O 9. Be3 Re8 10. Rc1 Bf8 11. Ne4 Nd4 12. Nc5 Bxc5 13. Rxc5 Bg4 14. Bxd4 exd4
15. Qc1 c6 16. Qf4 Bxf3 17. Bxf3 Re6 18. Rf5 Re7 19. Rc1 Rd7 20. Re5 Qb8 21. Qe4
Rd8 22. Rh5 h6 23. Re5 Nd7 24. Rf5 Qd6 25. Qf4 Qxf4 26. Rxf4 Nb6 27. Rf5 a5 28.
Kf1 g6 29. Rfc5 Na4 30. R5c2 Ra6 31. Rd1 Rb6 32. Rdd2 Rb5 33. e4 f5 34. h4 Kg7
35. exf5 gxf5 36. Bd1 Kf6 37. Re2 Nc5 38. Rcd2 Nd7 39. Re1 Re5 40. Bh5 Rxe1+ 41.
Kxe1 Nc5 42. Kd1 f4 43. Bf3 Rg8 44. g4 Re8 45. Re2 Rxe2 46. Kxe2 Nd7 47. Be4 Ne5
48. f3 b5 1/2-1/2

[Event "World Junior Open 2015"]
[Site "Khanty-Mansiysk RUS"]
[Date "2015.09.05"]
[Round "4.4"]
[White "Gordievsky, Dmitry"]
[Black "Sunilduth Lyna, Narayanan"]
[Result "1/2-1/2"]
[WhiteTitle "FM"]
[BlackTitle "IM"]
[WhiteElo "2511"]
[BlackElo "2473"]
[WhiteFideId "24112798"]
[BlackFideId "5058422"]
[EventDate "2015.09.02"]

1. d4 Nf6 2. c4 e6 3. Nf3 d5 4. Nc3 Be7 5. Bg5 h6 6. Bh4 O-O 7. e3 b6 8. Be2 Bb7
9. O-O Nbd7 10. Bg3 c5 11. Rc1 Ne4 12. cxd5 exd5 13. Bf4 Nxc3 14. bxc3 c4 15.
Nd2 b5 16. Rb1 Bc6 17. Qc2 Nf6 18. f3 Nh5 19. Be5 f6 20. Bg3 Nxg3 21. hxg3 Bd6
22. f4 Qe7 23. Rbe1 f5 24. Bf3 Qd7 25. Bd1 b4 26. Nf3 a5 27. Ne5 Bxe5 28. dxe5
Rab8 29. Bf3 b3 30. Qb2 g5 31. Rd1 g4 32. Be2 Qe7 33. Kf2 bxa2 1/2-1/2

[Event "World Junior Open 2015"]
[Site "Khanty-Mansiysk RUS"]
[Date "2015.09.05"]
[Round "4.5"]
[White "Arat, Ufuk Sezen"]
[Black "Duda, Jan-Krzysztof"]
[Result "0-1"]
[WhiteTitle "FM"]
[BlackTitle "GM"]
[WhiteElo "2441"]
[BlackElo "2645"]
[WhiteFideId "6309089"]
[BlackFideId "1170546"]
[EventDate "2015.09.02"]

1. d4 Nf6 2. c4 e6 3. g3 d5 4. Nf3 dxc4 5. Bg2 a6 6. O-O Nc6 7. Bg5 Be7 8. e3
Rb8 9. Nfd2 e5 10. Bxc6+ bxc6 11. dxe5 Ng4 12. Bxe7 Qxe7 13. Nxc4 Nxe5 14. Nbd2
Nxc4 15. Nxc4 Bh3 16. Qf3 Bxf1 17. Qxc6+ Qd7 18. Qe4+ Qe6 19. Qxe6+ fxe6 20.
Kxf1 Rf8 21. Ke2 Rf5 22. f4 Rc5 23. Kd3 e5 24. fxe5 Rd8+ 25. Kc3 Rc6 26. Rf1 Rd5
27. Rf5 Rdc5 28. b3 g6 29. Rg5 h6 30. Rg4 Rxe5 31. Kd4 Re7 32. Kd5 Rf6 33. e4
Rd7+ 34. Kc5 Rd1 35. e5 Re6 36. Re4 Kd7 37. a4 Rd3 38. Kb4 Re8 39. Na5 Rd5 40.
Nc4 g5 41. Re2 Ke7 42. h4 Rb8+ 43. Kc3 Rf8 44. hxg5 hxg5 45. Ne3 Rxe5 46. Kd4
Ke6 47. Kd3 Rf3 48. g4 c5 49. Kd2 Re4 50. Re1 Ke5 51. Re2 Rd4+ 52. Kc2 Kf4 53.
Nc4 Rdd3 54. Nd2 Rc3+ 55. Kb2 Rce3 56. Rh2 Rh3 57. Rf2+ Kxg4 58. Rf6 Re2 0-1

[Event "World Junior Open 2015"]
[Site "Khanty-Mansiysk RUS"]
[Date "2015.09.05"]
[Round "4.6"]
[White "Bok, Benjamin"]
[Black "Laurusas, Tomas"]
[Result "1-0"]
[WhiteTitle "GM"]
[BlackTitle "IM"]
[WhiteElo "2586"]
[BlackElo "2429"]
[WhiteFideId "1017063"]
[BlackFideId "12803731"]
[EventDate "2015.09.02"]

1. e4 c5 2. Nf3 e6 3. d4 cxd4 4. Nxd4 a6 5. Bd3 Ne7 6. O-O Nbc6 7. Be3 Nxd4 8.
Bxd4 Nc6 9. Be3 Be7 10. c4 O-O 11. Nc3 d6 12. Na4 Bf6 13. Be2 Rb8 14. Bb6 Qe7
15. Qd2 e5 16. Rad1 Nd4 17. Nc3 Be6 18. Bd3 Rfc8 19. b3 Rc6 20. Bxd4 exd4 21.
Ne2 b5 22. cxb5 axb5 23. Bb1 Bg4 24. f3 Bd7 25. Nxd4 Rc5 26. Nc2 Be6 27. Qxd6
Qa7 28. Kh1 g6 29. Qf4 Bg7 30. Qg3 Rh5 31. f4 Rc8 32. Ne3 Rc3 33. Rd8+ Bf8 34.
f5 Rc8 35. Rxc8 Bxc8 36. Nd5 Kh8 37. Qe5+ f6 38. Qe8 Kg7 39. Nf4 Bd7 40. Nxh5+
gxh5 41. Qxh5 Bd6 42. Qg4+ Kf8 43. Qh5 Kg7 44. e5 Bxe5 45. Be4 Qe3 46. Rd1 Bc8
47. Qg4+ Kh6 48. Qf3 Qg5 49. g3 b4 50. Kg2 Ba6 51. h4 Qg8 52. Rd7 Bxg3 53. Qxg3
Bf1+ 54. Kf2 Qg4 55. Qe3+ 1-0

[Event "World Junior Open 2015"]
[Site "Khanty-Mansiysk RUS"]
[Date "2015.09.05"]
[Round "4.7"]
[White "Saiyn, Zhanat"]
[Black "Bajarani, Ulvi"]
[Result "0-1"]
[WhiteTitle "IM"]
[BlackTitle "GM"]
[WhiteElo "2413"]
[BlackElo "2535"]
[WhiteFideId "13703820"]
[BlackFideId "13403028"]
[EventDate "2015.09.02"]

1. d4 f5 2. c4 Nf6 3. g3 e6 4. Bg2 d5 5. Nd2 c6 6. Nh3 Be7 7. O-O O-O 8. Qc2 Bd7
9. Nf3 Ne4 10. Nf4 Na6 11. Qb3 Qb6 12. Ne5 Bc8 13. Qd1 Bf6 14. c5 Qc7 15. Nfd3
Nexc5 16. dxc5 Bxe5 17. Nxe5 Qxe5 18. f4 Qf6 19. Be3 Qxb2 20. Bd4 Qb4 21. Rc1
Qa5 22. Qb3 Rf7 23. Qe3 Qd8 24. Rb1 Qe7 25. Rfc1 Nb8 26. Qc3 Nd7 27. a4 e5 28.
fxe5 Nf8 29. Rb4 Ne6 30. Be3 Nd8 31. a5 a6 32. h4 h6 33. Bf3 Bd7 34. Rf1 Be8 35.
Bg2 Rc8 36. Bh3 Bd7 37. h5 Rf8 38. Rbf4 Nf7 39. Bxf5 Nxe5 40. Bh7+ Kxh7 41. Rxf8
Rxf8 42. Rxf8 Qxf8 43. Qxe5 Qe8 44. Bd4 Qxe5 45. Bxe5 Bg4 46. Kf2 Bxh5 47. Ke3
g5 48. Bd6 Bg4 49. Kd3 Kg6 50. Bf8 h5 51. Be7 Bh3 52. Ke3 Be6 53. Kf3 Kf5 54.
Bd6 Bf7 55. g4+ hxg4+ 56. Ke3 g3 57. Bxg3 Bh5 58. Bd6 Bxe2 59. Kxe2 Ke4 60. Be7
g4 61. Bd6 Kd4 62. Kf2 Kd3 63. Kg3 d4 64. Kxg4 Ke2 65. Kf5 d3 66. Bf4 d2 67.
Bxd2 Kxd2 68. Ke5 Kc3 69. Kd6 Kc4 70. Kc7 Kxc5 71. Kxb7 Kb5 72. Ka8 c5 73. Kb8
c4 74. Kb7 c3 0-1

[Event "World Junior Open 2015"]
[Site "Khanty-Mansiysk RUS"]
[Date "2015.09.05"]
[Round "4.8"]
[White "Chigaev, Maksim"]
[Black "Ali Marandi, Cemil Can"]
[Result "1/2-1/2"]
[WhiteTitle "IM"]
[BlackTitle "IM"]
[WhiteElo "2531"]
[BlackElo "2422"]
[WhiteFideId "4108116"]
[BlackFideId "6300529"]
[EventDate "2015.09.02"]

1. e4 e6 2. d4 d5 3. Nc3 Nf6 4. e5 Nfd7 5. f4 c5 6. Nf3 Nc6 7. Be3 Be7 8. Qd2
O-O 9. dxc5 Nxc5 10. O-O-O a6 11. Qf2 b6 12. h4 Qc7 13. Qg3 f5 14. Kb1 Bd7 15.
Ne2 Rfc8 16. Ned4 Nxd4 17. Nxd4 Na4 18. Bf2 b5 19. Qf3 b4 20. Bd3 Rab8 21. g4
Nc3+ 22. Kc1 b3 23. axb3 Qa5 24. gxf5 exf5 25. Rdg1 Qa1+ 26. Kd2 Qxb2 27. Qg2
Bf8 28. Ke3 Ne4 29. Kf3 Rc3 30. Rb1 Qa3 31. Be3 Qb4 32. h5 Nc5 33. h6 g6 34.
Rbd1 Nxd3 35. Rxd3 Bb5 36. Rxc3 Qxc3 37. Qd2 Rc8 38. Rd1 Qxd2 39. Rxd2 Bb4 40.
c3 Bxc3 41. Rc2 Bd3 42. Rc1 Rc7 43. Ne6 Rc6 44. Nd8 Rc7 45. Bb6 Be4+ 46. Kg3 Rc8
47. Bd4 Bc2 48. Rxc2 Be1+ 49. Bf2 Bxf2+ 50. Rxf2 Rxd8 51. Ra2 d4 52. Kf2 d3 53.
Ke3 Kf7 54. Kd2 g5 55. e6+ Kf6 56. fxg5+ Kxg5 57. Rxa6 Kf6 58. Ra7 Kxe6 59. Rxh7
f4 60. Rg7 f3 1/2-1/2

[Event "World Junior Open 2015"]
[Site "Khanty-Mansiysk RUS"]
[Date "2015.09.05"]
[Round "4.9"]
[White "Loiseau, Quentin"]
[Black "Pichot, Alan"]
[Result "1/2-1/2"]
[WhiteTitle "IM"]
[BlackTitle "IM"]
[WhiteElo "2419"]
[BlackElo "2528"]
[WhiteFideId "665274"]
[BlackFideId "110973"]
[EventDate "2015.09.02"]

1. c4 Nf6 2. Nc3 c5 3. Nf3 Nc6 4. d4 cxd4 5. Nxd4 g6 6. e4 d6 7. Be2 Bg7 8. Be3
O-O 9. O-O Nxd4 10. Bxd4 Bd7 11. Qd2 Bc6 12. f3 a5 13. b3 Nd7 14. Be3 Nc5 15.
Rab1 Qb6 16. Rfc1 Rfc8 17. Rc2 h5 18. Bf1 Kh7 19. Kh1 Qd8 20. Rbc1 Be5 21. Qf2
e6 22. Rd1 Qe7 23. Ne2 b5 24. Nd4 b4 25. Nxc6 Rxc6 26. f4 Bc3 27. Qf3 Rcc8 28.
Rxc3 bxc3 29. f5 exf5 30. exf5 Re8 31. Bd4 c2 32. Rc1 Qd7 33. g4 Qb7 34. fxg6+
fxg6 35. Qxb7+ Nxb7 36. gxh5 Nc5 37. hxg6+ Kxg6 38. Kg1 Re4 39. Bf2 Kf6 40. Rxc2
Rg8+ 41. Bg2 Ke7 42. Bg3 Rd4 43. Bd5 Rg7 44. Re2+ Kd7 45. Kg2 Rd3 46. Rf2 Ke7
47. Kf1 Re3 48. Re2 Rxe2 49. Kxe2 Rg4 50. Bf3 Rg8 51. Be1 Ne6 52. Ke3 Rg1 53.
Kf2 Rg5 54. h4 Rf5 55. Ke3 Re5+ 56. Kd2 Nd4 57. Bd1 Nf5 58. h5 d5 59. cxd5 Rxd5+
60. Kc1 Kf6 61. Bd2 Rc5+ 62. Kb2 Rd5 63. Bc3+ Kg5 64. Bf3 Rd3 65. Be2 Rh3 66.
Bd2+ Kf6 67. Bc3+ Kg5 68. Ba6 a4 69. bxa4 Rxh5 70. a5 Kf4 71. Bb7 Nd6 72. a6
Rb5+ 73. Kc2 Rxb7 74. axb7 Nxb7 75. Kd3 Kf5 76. Kc4 Ke6 77. Kb5 Kd7 78. Be5 Kc8
79. Bg3 Nd6+ 1/2-1/2

[Event "World Junior Open 2015"]
[Site "Khanty-Mansiysk RUS"]
[Date "2015.09.05"]
[Round "4.10"]
[White "Iskandarov, Misratdin"]
[Black "Bai, Jinshi"]
[Result "0-1"]
[WhiteTitle "IM"]
[BlackTitle "IM"]
[WhiteElo "2405"]
[BlackElo "2519"]
[WhiteFideId "13400312"]
[BlackFideId "8602280"]
[EventDate "2015.09.02"]

1. Nf3 c5 2. g3 Nc6 3. Bg2 g6 4. c4 Bg7 5. Nc3 d6 6. O-O e6 7. a3 Nge7 8. Rb1 b6
9. d3 O-O 10. Bg5 h6 11. Bd2 Bb7 12. Qc1 Kh7 13. b4 Qd7 14. Nb5 a6 15. Nc3 Nd4
16. Nxd4 cxd4 17. Nd1 Bxg2 18. Kxg2 d5 19. Nb2 dxc4 20. dxc4 e5 21. Qc2 f5 22.
f3 e4 23. Na4 Qe6 24. Qb3 Qc6 25. Rfd1 d3 26. b5 axb5 27. cxb5 Qb7 28. e3 Nd5
29. f4 Qf7 30. Rdc1 Nxf4+ 31. gxf4 Qxb3 32. Rxb3 Rxa4 33. Rc7 Rfa8 34. Bb4 R4a7
35. Rc6 Rd7 36. Rb1 Rb7 37. Rbc1 Bf8 38. Bxf8 Rxf8 39. Rd6 Ra8 40. Rc3 Ra5 41.
Rd5 Raa7 42. Kf2 Rd7 43. Rxd7+ Rxd7 44. Ke1 g5 45. a4 gxf4 46. exf4 Rd4 47. Ra3
e3 48. Kd1 Rd6 49. Rb3 Kg6 50. a5 bxa5 51. b6 e2+ 52. Kd2 Re6 53. Rb1 e1=Q+ 54.
Rxe1 Rxb6 55. Kxd3 a4 56. Ra1 Rb3+ 57. Ke2 a3 58. Rg1+ Kf7 59. Rc1 Rb2+ 60. Kf3
Rb7 61. Ra1 Ra7 62. Kg3 a2 63. Kh4 Ra3 0-1

[Event "World Junior Open 2015"]
[Site "Khanty-Mansiysk RUS"]
[Date "2015.09.05"]
[Round "4.11"]
[White "Tari, Aryan"]
[Black "Tran, Tuan Minh"]
[Result "1/2-1/2"]
[WhiteTitle "IM"]
[BlackTitle "IM"]
[WhiteElo "2518"]
[BlackElo "2417"]
[WhiteFideId "1510045"]
[BlackFideId "12401820"]
[EventDate "2015.09.02"]

1. e4 c5 2. Nf3 d6 3. d4 cxd4 4. Nxd4 Nf6 5. Nc3 a6 6. Bc4 e6 7. Bb3 Be7 8. g4
h6 9. Be3 Nc6 10. Rg1 Na5 11. Qe2 Nxb3 12. axb3 g5 13. O-O-O Qa5 14. Kb1 Bd7 15.
h4 Rg8 16. hxg5 hxg5 17. Nf3 Rc8 18. Bd2 Qc5 19. Be3 Qa5 20. Bd2 Qc5 21. e5 dxe5
22. Bxg5 Bb5 23. Nxb5 Qxb5 24. Qxb5+ axb5 25. Rde1 e4 26. Bxf6 exf3 27. Bxe7
Kxe7 28. Re5 Rgd8 29. c3 Rd2 30. Rf1 b4 31. c4 1/2-1/2

[Event "World Junior Open 2015"]
[Site "Khanty-Mansiysk RUS"]
[Date "2015.09.05"]
[Round "4.12"]
[White "Leiva, Giuseppe"]
[Black "Abasov, Nijat"]
[Result "1-0"]
[WhiteTitle "IM"]
[BlackTitle "GM"]
[WhiteElo "2400"]
[BlackElo "2511"]
[WhiteFideId "3804399"]
[BlackFideId "13402960"]
[EventDate "2015.09.02"]

1. d4 Nf6 2. c4 e6 3. Nf3 d5 4. g3 dxc4 5. Bg2 c5 6. O-O Nc6 7. Qa4 Bd7 8. Qxc4
cxd4 9. Nxd4 Rc8 10. Nc3 Nxd4 11. Qxd4 Bc5 12. Qh4 O-O 13. Bxb7 Rb8 14. Bf3 Rb4
15. Qg5 Qb6 16. b3 Rc8 17. Bb2 h6 18. Qd2 e5 19. Nd5 Nxd5 20. Qxd5 Be6 21. Qxe5
f6 22. Qh5 Rb5 23. Qg6 Bxf2+ 24. Rxf2 Bf5 25. Qh5 Rc2 26. Be4 g6 27. Bxf5 gxh5
28. Bxc2 h4 29. gxh4 Qe3 30. Bd3 Rb7 31. Bxf6 Rb6 32. Kg2 Rb4 33. Bc4+ Kh7 34.
Rd1 Rb7 35. Bd3+ Kg8 36. Rg1 1-0

[Event "World Junior Open 2015"]
[Site "Khanty-Mansiysk RUS"]
[Date "2015.09.05"]
[Round "4.13"]
[White "Makhnyov, Denis"]
[Black "Karthikeyan, Murali"]
[Result "1/2-1/2"]
[WhiteTitle "FM"]
[BlackTitle "GM"]
[WhiteElo "2358"]
[BlackElo "2509"]
[WhiteFideId "13707647"]
[BlackFideId "5074452"]
[EventDate "2015.09.02"]

1. d4 d5 2. c4 c6 3. Nf3 Nf6 4. Qc2 a6 5. e3 e6 6. Nbd2 Be7 7. Bd3 O-O 8. O-O
Nbd7 9. b3 b6 10. e4 dxe4 11. Nxe4 Bb7 12. Bb2 c5 13. dxc5 Bxe4 14. Bxe4 Nxe4
15. Qxe4 Nxc5 16. Qg4 Bf6 17. Rad1 Qe7 18. Bxf6 Qxf6 19. Rd6 Qb2 20. Rd2 Qa3 21.
Qd4 a5 22. Rb1 h6 23. h3 Rad8 24. Qxd8 Rxd8 25. Rxd8+ Kh7 26. Rd2 Ne4 27. Rc2
Qc5 28. Re1 f5 1/2-1/2

[Event "World Junior Open 2015"]
[Site "Khanty-Mansiysk RUS"]
[Date "2015.09.05"]
[Round "4.14"]
[White "Goryachkina, Aleksandra"]
[Black "Harsha, Bharathakoti"]
[Result "1-0"]
[WhiteTitle "WGM"]
[WhiteElo "2497"]
[BlackElo "2393"]
[WhiteFideId "4147103"]
[BlackFideId "5078776"]
[EventDate "2015.09.02"]

1. d4 e6 2. c4 b6 3. Nf3 Bb7 4. g3 Bb4+ 5. Bd2 Bxf3 6. exf3 Bxd2+ 7. Qxd2 d5 8.
Nc3 Ne7 9. cxd5 exd5 10. Bg2 O-O 11. O-O Nbc6 12. f4 a6 13. Rad1 Qd6 14. Rfe1
Rfe8 15. Qd3 g6 16. h4 Kg7 17. h5 b5 18. Qf3 Red8 19. hxg6 hxg6 20. g4 Qf6 21.
Qg3 Qd6 22. Rd2 Rd7 23. Bh3 Rh8 24. Ne2 Rdd8 25. Rc1 Na5 26. Bg2 c6 27. Rdc2 Nb7
28. Qe3 Rh4 29. Bf3 Rhh8 30. Ng3 Rde8 31. Qe5+ f6 32. Qe3 Nd8 33. Re2 Kf7 34.
Rce1 Qd7 35. Qa3 Nc8 36. Rxe8 Rxe8 37. Rxe8 Kxe8 38. Qxa6 Ne6 39. Ne2 Ne7 40.
Qa8+ Kf7 41. Qb8 Qc7 42. Qxc7 Nxc7 43. Kf1 Ke6 44. Ke1 Kd6 45. Kd2 b4 46. Nc1
Ne6 47. Ke3 c5 48. dxc5+ Nxc5 49. Bd1 g5 50. fxg5 fxg5 51. f4 gxf4+ 52. Kxf4 d4
53. Be2 Nd5+ 54. Kf3 Ne6 55. Nd3 Ng5+ 56. Kg3 Ne4+ 57. Kh4 Nd2 58. g5 b3 59. a3
Ke7 60. Kh5 Nc3 61. Bg4 Nce4 62. Kh6 Nd6 63. g6 N2e4 64. g7 Nf6 65. Kg6 Nde8 66.
Bd1 1-0

[Event "World Junior Open 2015"]
[Site "Khanty-Mansiysk RUS"]
[Date "2015.09.05"]
[Round "4.15"]
[White "Vokhidov, Shamsiddin"]
[Black "Georgiadis, Nico"]
[Result "1-0"]
[BlackTitle "IM"]
[WhiteElo "2292"]
[BlackElo "2484"]
[WhiteFideId "14204223"]
[BlackFideId "1300113"]
[EventDate "2015.09.02"]

1. e4 e6 2. d4 d5 3. Nc3 Bb4 4. exd5 exd5 5. Bd3 Nc6 6. a3 Bxc3+ 7. bxc3 Nge7 8.
Ne2 Bf5 9. Ng3 Bxd3 10. cxd3 O-O 11. O-O Qd7 12. Re1 Ng6 13. Qf3 Rae8 14. Bd2
Nd8 15. Nf5 Re6 16. Qg4 Kh8 17. Re3 Rxe3 18. fxe3 Nc6 19. e4 Nce7 20. Qh5 dxe4
21. dxe4 f6 22. Nxg7 Kxg7 23. Bh6+ Kg8 24. Bxf8 Nxf8 25. Rf1 Qe6 26. Qe8 Kg7 27.
e5 Nd5 28. Qd8 Qd7 29. Qb8 Nxc3 30. exf6+ Kf7 31. Qxb7 Qxd4+ 32. Kh1 Ne6 33. Qf3
Qe5 34. Qd3 Nf8 35. Qc4+ Nd5 36. Rd1 c6 37. Qc5 Qe3 38. Qxe3 Nxe3 39. Rc1 Kxf6
40. Rxc6+ Ne6 41. Ra6 h5 42. Rxa7 Nf4 43. a4 h4 44. a5 h3 45. gxh3 Nxh3 46. Rh7 1-0

[Event "World Junior Open 2015"]
[Site "Khanty-Mansiysk RUS"]
[Date "2015.09.05"]
[Round "4.16"]
[White "Cori, Jorge"]
[Black "Korchmar, Vasiliy"]
[Result "1/2-1/2"]
[WhiteTitle "GM"]
[BlackTitle "IM"]
[WhiteElo "2637"]
[BlackElo "2409"]
[WhiteFideId "3802272"]
[BlackFideId "24131750"]
[EventDate "2015.09.02"]

1. d4 d5 2. c4 c6 3. Nc3 Nf6 4. e3 e6 5. Nf3 a6 6. b3 Bb4 7. Bd2 Nbd7 8. Bd3 O-O
9. O-O Qe7 10. Qc2 e5 11. dxe5 Nxe5 12. Nxe5 Qxe5 13. cxd5 cxd5 14. Ne2 Bd6 15.
Ng3 Qg5 16. f4 Qh6 17. Rf3 Re8 18. Raf1 Be7 19. Nf5 Bxf5 20. Bxf5 g6 21. Rh3 Qf8
22. Bc3 Rad8 23. Be5 Rd6 24. g4 Rc6 25. Qg2 gxf5 26. gxf5+ Kh8 27. Kh1 Rec8 28.
Qg5 Rc1 29. Rxc1 Rxc1+ 30. Kg2 Rc6 31. Kf1 Qg7 32. Rg3 Qf8 33. Rh3 Qg7 34. Rg3
Qf8 35. Rh3 Qg7 36. Rg3 1/2-1/2

[Event "World Junior Open 2015"]
[Site "Khanty-Mansiysk RUS"]
[Date "2015.09.05"]
[Round "4.17"]
[White "Gagare, Shardul"]
[Black "Bida, Mihai-Eugen"]
[Result "1-0"]
[WhiteTitle "IM"]
[BlackTitle "FM"]
[WhiteElo "2469"]
[BlackElo "2394"]
[WhiteFideId "5037883"]
[BlackFideId "1200062"]
[EventDate "2015.09.02"]

1. d4 e6 2. c4 c5 3. d5 exd5 4. cxd5 d6 5. Nc3 a6 6. a4 Ne7 7. Nf3 Ng6 8. g3 Be7
9. Bg2 Nd7 10. O-O h5 11. h3 Rb8 12. a5 Nf6 13. e4 h4 14. g4 Nxg4 15. hxg4 h3
16. Bh1 Bxg4 17. Qa4+ Bd7 18. Qc2 h2+ 19. Nxh2 Bg5 20. f4 Bxf4 21. Rxf4 Nxf4 22.
Bxf4 Qf6 23. Qf2 b6 24. Re1 bxa5 25. e5 Qg6+ 26. Bg2 O-O 27. exd6 Rb4 28. Re2
Rfb8 29. Be3 c4 30. Bc5 Rb3 31. Nf3 Qh6 32. Ne5 Rxb2 33. Rxb2 Qc1+ 34. Qf1 Qxb2
35. Qxf7+ 1-0